| 000 | 00760nas a2200253 4500 | ||
|---|---|---|---|
| 001 | BR2012002468 | ||
| 003 | BR-BrBNA | ||
| 005 | 20231205120409.0 | ||
| 007 | ta | ||
| 008 | 230509b bl.|||p| |||| 00| 00por d | ||
| 040 |
_aBR-BrBNA _bpor _cBiblioteca Nacional de Agricultura |
||
| 041 | _a(Pt) | ||
| 072 | _aE14 | ||
| 100 | 1 | _aTakeshita, S. | |
| 100 | 1 | _aAndrade, A. de | |
| 100 | 1 | _aJankoswsky, I.P. | |
| 245 | 1 | _aPlanejamento estratégico para o setor de pisos de madeira | |
| 650 | _aSETOR FLORESTAL | ||
| 650 | _aMADEIRA | ||
| 650 | _aPLANEJAMENTO ESTRATÉGICO | ||
| 773 | 0 |
_tFloresta e Ambiente (Brazil) _xISSN 1415-0980 _g(Jul-Sep 2011), v. 18(3) p. 237-242 _wBR2012002468 |
|
| 909 |
_a202311 _bLúcia _c55 _dLúcia Elande |
||
| 942 |
_2AGRIS _n0 _cANA |
||
| 999 |
_c218298 _d218298 |
||